| 000 | 00846cam a2200265 i 4500 | ||
|---|---|---|---|
| 001 | 2251234 | ||
| 003 | ARRUPE | ||
| 005 | 20160216115042.0 | ||
| 008 | 770921s1977 nyu b 001 0 eng | ||
| 010 | _a 77152791 | ||
| 020 |
_a044055876X : _c$3.95 |
||
| 040 |
_aDLC _cDLC _dDLC |
||
| 050 | 0 | 0 |
_aB3317 _b.N44 1977 |
| 082 | 0 | 0 | _a193 |
| 245 | 0 | 4 |
_aThe New Nietzsche : _bcontemporary styles of interpretation / _cedited and introduced by David B. Allison. |
| 260 |
_aNew York : _bDell Pub. Co., _c1977. |
||
| 300 |
_axxviii, 274 p. ; _c21 cm. |
||
| 490 | 0 | _aA Delta original | |
| 500 | _aIncludes index. | ||
| 504 | _aBibliography: p. [263]-264. | ||
| 600 | 1 | 0 |
_aNietzsche, Friedrich Wilhelm, _d1844-1900. _922316 |
| 700 | 1 |
_aAllison, David B. _922317 _eed. |
|
| 906 |
_a7 _bcbc _corignew _d3 _encip _f19 _gy-gencatlg |
||
| 942 |
_2lcc _cMONOGRAPH |
||
| 999 |
_c124184 _d124184 |
||